00270nam a2200109Ia 4500008004100000100001800041245004100059260002200100260000900122546001200131999001700143170619s9999 xx 000 0 und d aRender- Barry 0aQuantitative analysis for management bNew Delhi Pearson c2004 aENGLISH c21764d21764